Sonography in Gynecology & Obstetrics: just the facts (Record no. 6754)
[ view plain ]
| 000 -LEADER | |
|---|---|
| fixed length control field | 00560nam a22002057a 4500 |
| 003 - CONTROL NUMBER IDENTIFIER | |
| control field | OSt |
| 005 - DATE AND TIME OF LATEST TRANSACTION | |
| control field | 20210205102800.0 |
| 008 - FIXED-LENGTH DATA ELEMENTS--GENERAL INFORMATION | |
| fixed length control field | 210205b ||||| |||| 00| 0 eng d |
| 020 ## - INTERNATIONAL STANDARD BOOK NUMBER | |
| International Standard Book Number | 0071238492 |
| 040 ## - CATALOGING SOURCE | |
| Transcribing agency | NLM |
| 082 ## - DEWEY DECIMAL CLASSIFICATION NUMBER | |
| Classification number | WP141 S57a 2004 |
| 100 ## - MAIN ENTRY--PERSONAL NAME | |
| Personal name | Fleischer, Arthur C. |
| 9 (RLIN) | 13858 |
| 245 ## - TITLE STATEMENT | |
| Title | Sonography in Gynecology & Obstetrics: just the facts |
| 260 ## - PUBLICATION, DISTRIBUTION, ETC. (IMPRINT) | |
| Place of publication, distribution, etc. | Boston; Mcgraw hill, 2004 |
| 300 ## - PHYSICAL DESCRIPTION | |
| Extent | xi,267p; Col.ill: 28cm |
| 504 ## - BIBLIOGRAPHY, ETC. NOTE | |
| Bibliography, etc | Appendices, & index included |
| 650 ## - SUBJECT ADDED ENTRY--TOPICAL TERM | |
| Topical term or geographic name as entry element | Gynecology |
| 9 (RLIN) | 1956 |
| 650 ## - SUBJECT ADDED ENTRY--TOPICAL TERM | |
| Topical term or geographic name as entry element | Obstetrics |
| 9 (RLIN) | 5 |
| 942 ## - ADDED ENTRY ELEMENTS (KOHA) | |
| Source of classification or shelving scheme | Other/Generic Classification Scheme |
| Koha item type | Open Shelf |
| Withdrawn status | Lost status | Source of classification or shelving scheme | Damaged status | Not for loan | Home library | Current library | Date acquired | Source of acquisition | Inventory number | Total Checkouts | Full call number | Barcode | Date last seen | Price effective from | Koha item type |
|---|---|---|---|---|---|---|---|---|---|---|---|---|---|---|---|
| Other/Generic Classification Scheme | MUST Main Library | MUST Main Library | 05/02/2021 | Purchase | 07/29057 | WP141 S57a 2004 | 2021-0022 | 05/02/2021 | 05/02/2021 | Open Shelf |
